| 000 | 01738nam a2200457 i 4500 | ||
|---|---|---|---|
| 001 | EBC2005384 | ||
| 003 | MiAaPQ | ||
| 005 | 20250623124010.0 | ||
| 006 | m o d | | ||
| 007 | cr cnu|||||||| | ||
| 008 | 150410t20152015enka ob 001 0 eng d | ||
| 020 | _z9780415576857 | ||
| 020 | _z9780415576864 | ||
| 020 | _a9781315727240 (e-book) | ||
| 035 | _a(MiAaPQ)EBC2005384 | ||
| 035 | _a(Au-PeEL)EBL2005384 | ||
| 035 | _a(CaPaEBR)ebr11038192 | ||
| 035 | _a(CaONFJC)MIL759438 | ||
| 035 | _a(OCoLC)905853755 | ||
| 040 |
_aMiAaPQ _beng _erda _epn _cMiAaPQ _dMiAaPQ |
||
| 050 | 4 |
_aGN452.5 _b.I539 2015 |
|
| 082 | 0 |
_a301 _223 |
|
| 100 | 1 |
_aIngold, Tim, _d1948- _eauthor. _917337 |
|
| 245 | 1 | 4 |
_aThe life of lines / _cTim Ingold. |
| 264 | 1 |
_aLondon, [England] ; _aNew York, New York : _bRoutledge, _c2015. |
|
| 264 | 4 | _c2015 | |
| 300 |
_a1 online resource (185 pages) : _billustrations |
||
| 336 |
_atext _2rdacontent |
||
| 337 |
_acomputer _2rdamedia |
||
| 338 |
_aonline resource _2rdacarrier |
||
| 504 | _aIncludes bibliographical references and index. | ||
| 588 | _aDescription based on print version record. | ||
| 590 | _aElectronic reproduction. Ann Arbor, MI : ProQuest, 2015. Available via World Wide Web. Access may be limited to ProQuest affiliated libraries. | ||
| 650 | 0 |
_aSigns and symbols _xHistory. |
|
| 650 | 0 |
_aWriting _xHistory. |
|
| 650 | 0 |
_aDrawing _xHistory. |
|
| 655 | 4 |
_aElectronic books. _92203 |
|
| 776 | 0 | 8 |
_iPrint version: _aIngold, Tim, 1948- _tLife of lines. _dLondon, [England] ; New York, New York : Routledge, c2015 _hxi, 172 pages _z9780415576857 _w2014039249 |
| 797 | 2 | _aProQuest (Firm) | |
| 856 | 4 | 0 |
_uhttps://ebookcentral.proquest.com/lib/artjam/detail.action?docID=2005384 _zClick to View |
| 999 |
_c9803 _d9803 |
||